000 00262nam a2200097Ia 4500
001 643346
005 20250826153544.0
008 250824s9999 xx 000 0 und d
245 0 _aULAK ÇELİK HİLALİN GÖLGESİNDE
_cOKAY TİRYAKİOĞLU
260 _bGENÇ TİMAŞ
999 _c643346
_d643346